[Event "Reykjavik Open 2026"]
[Site "Reykjavik ISL"]
[Date "2026.03.30"]
[Round "8.12"]
[White "Yilmaz, Mustafa"]
[Black "Injac, Teodora"]
[Result "1-0"]
[WhiteTitle "GM"]
[BlackTitle "IM"]
[WhiteElo "2582"]
[BlackElo "2417"]
[WhiteFideId "6302718"]
[BlackFideId "932400"]
[EventDate "2026.03.25"]

1. c4 c5 2. Nf3 Nc6 3. d4 cxd4 4. Nxd4 Nf6 5. g3 e5 6. Nb5 Bb4+ 7. N1c3 d6 8. a3
Bxc3+ 9. Nxc3 Be6 10. Bg5 Bxc4 11. Bg2 O-O 12. Rc1 h6 13. Bxf6 Qxf6 14. Ne4 Qe6
15. Qxd6 Nd4 16. Qxe6 Bxe6 17. Nc5 Nb3 18. Nxe6 Nxc1 19. Nxf8 Kxf8 20. b4 Rb8
21. Bd5 b6 22. e4 Rd8 23. f4 a5 24. Kd2 Nb3+ 25. Kc3 Nd4 26. fxe5 Nf3 27. e6
Rc8+ 28. Kb2 f6 29. bxa5 bxa5 30. Kb3 Ke7 31. Ka4 Nd4 32. Kxa5 Nxe6 33. Rb1 Nc5
34. Rb6 Rc7 35. Rc6 Nb3+ 36. Kb6 Rxc6+ 37. Bxc6 Kd6 38. a4 1-0

[Event "Reykjavik Open 2026"]
[Site "Reykjavik ISL"]
[Date "2026.03.30"]
[Round "8.13"]
[White "Belkaid, Sohan"]
[Black "Tiglon, Bryce"]
[Result "0-1"]
[WhiteTitle "FM"]
[BlackTitle "GM"]
[WhiteElo "2379"]
[BlackElo "2550"]
[WhiteFideId "45180350"]
[BlackFideId "2087456"]
[EventDate "2026.03.25"]

1. e4 e5 2. Nf3 Nc6 3. Bc4 Nf6 4. d3 Be7 5. O-O O-O 6. Nc3 d6 7. a4 a5 8. Re1 h6
9. h3 Re8 10. d4 exd4 11. Nxd4 Bf8 12. Be3 Nxd4 13. Bxd4 Be6 14. Bxe6 Rxe6 15.
f4 c6 16. Qf3 Nd7 17. Rad1 Qc7 18. g4 Rae8 19. f5 R6e7 20. Qf4 Ne5 21. Kg2 f6
22. h4 Nf7 23. Qf2 Qb8 24. Be3 b5 25. axb5 cxb5 26. Ba7 Qxa7 0-1

[Event "Reykjavik Open 2026"]
[Site "Reykjavik ISL"]
[Date "2026.03.30"]
[Round "8.14"]
[White "Can, Emre"]
[Black "Tang, Zoey"]
[Result "1-0"]
[WhiteTitle "GM"]
[BlackTitle "FM"]
[WhiteElo "2541"]
[BlackElo "2366"]
[WhiteFideId "6302181"]
[BlackFideId "30952530"]
[EventDate "2026.03.25"]

1. e4 c5 2. Nf3 Nc6 3. d4 cxd4 4. Nxd4 Nf6 5. Nc3 d6 6. Bg5 Bd7 7. Qd2 Rc8 8.
O-O-O Nxd4 9. Qxd4 Qa5 10. f4 h6 11. Bh4 g5 12. e5 Bg7 13. Be1 Nh5 14. g3 Bc6
15. Nd5 Qxa2 16. Bc3 Bd7 17. Be2 g4 18. Rhe1 Be6 19. Bb5+ Kf8 20. Nxe7 Rd8 21.
Bb4 f6 22. Ng6+ Kg8 23. Re3 fxe5 24. fxe5 Bf7 25. Nxh8 Kxh8 26. Ra3 Qe6 27. Bxd6
a6 28. Be2 Qf5 29. Qxg4 Qf2 30. Qf3 Qxh2 31. Rh1 1-0

[Event "Reykjavik Open 2026"]
[Site "Reykjavik ISL"]
[Date "2026.03.30"]
[Round "8.15"]
[White "Maze, Sebastien"]
[Black "Papasimakopoulos, Alexandros"]
[Result "1-0"]
[WhiteTitle "GM"]
[BlackTitle "IM"]
[WhiteElo "2530"]
[BlackElo "2360"]
[WhiteFideId "613762"]
[BlackFideId "4244125"]
[EventDate "2026.03.25"]

1. e4 e6 2. d3 c5 3. Nf3 Nc6 4. g3 d5 5. Qe2 Be7 6. Bg2 Nf6 7. a4 h6 8. O-O O-O
9. Bf4 Re8 10. Re1 b6 11. e5 Nh7 12. h4 Bb7 13. c3 Rc8 14. Na3 a6 15. Nc2 b5 16.
b3 Qb6 17. Be3 Qc7 18. Bd2 Na5 19. axb5 axb5 20. Reb1 c4 21. Nfd4 Nxb3 22. Nxb3
cxb3 23. Rxb3 Bc6 24. Nd4 Nf8 25. Nxc6 Qxc6 26. d4 Rb8 27. Bf1 Nd7 28. Rxb5 Rb6
29. Ra7 Bd8 30. Rxb6 Bxb6 31. Qa6 Nb8 32. Bb5 Nxa6 33. Bxc6 Bxa7 34. Bxe8 Bb6
35. Bb5 Nc7 36. Bc6 Ba5 37. h5 g6 38. hxg6 fxg6 39. Kf1 h5 40. Ke2 Kf7 41. f3
Ne8 42. c4 Bb6 43. cxd5 Bxd4 44. dxe6+ Kxe6 45. Bxe8 Kd5 1-0

[Event "Reykjavik Open 2026"]
[Site "Reykjavik ISL"]
[Date "2026.03.30"]
[Round "8.16"]
[White "Ragnarsson, Dagur"]
[Black "Suleymenov, Alisher"]
[Result "1-0"]
[WhiteTitle "IM"]
[BlackTitle "GM"]
[WhiteElo "2376"]
[BlackElo "2523"]
[WhiteFideId "2304058"]
[BlackFideId "13707833"]
[EventDate "2026.03.25"]

1. d4 Nf6 2. c4 g6 3. Nc3 d5 4. Qb3 dxc4 5. Qxc4 Be6 6. Qb5+ Bd7 7. Qb3 c5 8. d5
b5 9. e4 c4 10. Bxc4 bxc4 11. Qb7 Qb6 12. Qxa8 Ng4 13. Nge2 Bh6 14. Bxh6 Nxh6
15. a4 O-O 16. a5 Qa6 17. O-O Ng4 18. Na4 Rc8 19. Nb6 axb6 20. Qxa6 Nxa6 21.
axb6 Nc5 22. Ra7 Kg7 23. Rc1 Ne5 24. f4 Ned3 25. Rxc4 Bb5 26. Rc3 Rb8 27. Rxe7
Rxb6 28. e5 Kf8 29. Ra7 Be8 30. b3 g5 31. f5 Rb4 32. Nc1 Nxc1 33. Rxc5 Nd3 34.
Rc8 Re4 35. h3 Nxe5 36. d6 Kg7 37. Rxe8 Nf3+ 38. Kf2 Rxe8 39. d7 Rb8 40. Rb7 Ra8
41. Kxf3 h5 42. Ke4 Kf6 43. Rc7 Rd8 44. Kd5 Ke7 45. Kc6 g4 46. Rc8 Rxd7 47. f6+ 1-0

[Event "Reykjavik Open 2026"]
[Site "Reykjavik ISL"]
[Date "2026.03.30"]
[Round "8.17"]
[White "Prraneeth, Vuppala"]
[Black "Ajay Krishna, S"]
[Result "0-1"]
[WhiteTitle "GM"]
[BlackTitle "IM"]
[WhiteElo "2515"]
[BlackElo "2354"]
[WhiteFideId "46622373"]
[BlackFideId "5096430"]
[EventDate "2026.03.25"]

1. d4 Nf6 2. c4 e6 3. Nf3 b6 4. g3 Bb7 5. Bg2 Be7 6. O-O O-O 7. Re1 d6 8. Nc3
Ne4 9. Qc2 f5 10. Nd2 d5 11. cxd5 exd5 12. Nf3 Nd7 13. Bf4 c6 14. h4 Qe8 15. Ne5
Bf6 16. Nxc6 Qe6 17. Ne5 Nxe5 18. dxe5 Bxe5 19. Bxe5 Qxe5 20. e3 Rac8 21. Rac1
Rc4 22. Qb3 Nxc3 23. Rxc3 Rxc3 24. bxc3 Rc8 25. Rd1 Rxc3 26. Qa4 Rc5 27. Qd7 Qb8
28. Qxf5 Qd6 29. Rd4 h6 30. e4 dxe4 31. Rxd6 Rxf5 32. Bh3 Rc5 33. Rd8+ Kh7 34.
Be6 Kg6 35. g4 Kf6 36. Bb3 Bc8 37. Rd6+ Ke5 38. Rg6 Rc7 39. Kh2 Kf4 40. g5 Bf5
41. Rd6 hxg5 42. hxg5 Kxg5 43. Rd8 Kf4 44. Kg2 g6 45. Re8 a5 46. Rb8 Rc6 47. Rd8
b5 48. Rd5 a4 49. Bd1 Rc1 50. Be2 Rc2 51. Bxb5 Rxa2 52. Rd4 a3 53. Bc6 Rc2 54.
Ba8 a2 55. Ra4 Rd2 56. Bc6 Kg5 57. Kg3 Be6 58. Ra5+ Kf6 59. Bxe4 Rd1 0-1

[Event "Reykjavik Open 2026"]
[Site "Reykjavik ISL"]
[Date "2026.03.30"]
[Round "8.18"]
[White "Gupta, Abhijeet"]
[Black "Singh, Siddharth"]
[Result "1-0"]
[WhiteTitle "GM"]
[WhiteElo "2506"]
[BlackElo "2342"]
[WhiteFideId "5010608"]
[BlackFideId "39907023"]
[EventDate "2026.03.25"]

1. Nf3 Nf6 2. c4 c5 3. Nc3 Nc6 4. e3 e6 5. d4 d5 6. a3 dxc4 7. Bxc4 a6 8. O-O b5
9. Ba2 Bb7 10. Qe2 Qc7 11. Rd1 Rd8 12. h3 Be7 13. dxc5 Rxd1+ 14. Qxd1 Bxc5 15.
b4 Bd6 16. Bb2 O-O 17. Rc1 Rd8 18. Qe2 Qe7 19. Ng5 Ne5 20. f4 Nd3 21. Qxd3 Bxf4
22. Nd5 Bxd5 23. exf4 Bxa2 24. Bxf6 Qxf6 25. Qxh7+ Kf8 26. Qh4 Qd4+ 27. Kh1 Bc4
28. Re1 Rd5 29. Rxe6 fxe6 30. Nxe6+ Kg8 31. Nxd4 Rxd4 32. Qg5 Rd6 33. f5 Kf8 34.
Qf4 Rd5 35. Kh2 Kg8 36. Qe4 Kf8 37. Qf4 Kg8 38. g4 Rd3 39. g5 Rxa3 40. Qb8+ Kf7
41. Qc7+ Kf8 42. Qd8+ 1-0

[Event "Reykjavik Open 2026"]
[Site "Reykjavik ISL"]
[Date "2026.03.30"]
[Round "8.19"]
[White "Spitzl, Vinzent"]
[Black "Balakrishnan, Praveen"]
[Result "0-1"]
[WhiteTitle "FM"]
[BlackTitle "GM"]
[WhiteElo "2356"]
[BlackElo "2496"]
[WhiteFideId "12901253"]
[BlackFideId "2064871"]
[EventDate "2026.03.25"]

1. e4 e5 2. Nf3 Nf6 3. Nc3 d6 4. d4 Nbd7 5. Bc4 Be7 6. O-O O-O 7. Re1 c6 8. a4
h6 9. h3 Re8 10. Ba2 exd4 11. Nxd4 Bf8 12. Bf4 Nc5 13. Qf3 Ne6 14. Nxe6 Bxe6 15.
e5 dxe5 16. Bxe5 Nd7 17. Bxe6 Rxe6 18. Bd4 Nc5 19. Rxe6 Nxe6 20. Be3 Bc5 21.
Bxc5 Nxc5 22. Rd1 Qe7 23. Qf4 Re8 24. Qd4 b6 25. g3 Qe6 26. Kg2 Qf5 27. Rd2 Re1
28. Rd1 Rxd1 29. Qxd1 Nxa4 30. Nxa4 Qe4+ 31. f3 Qxa4 32. Qd8+ Kh7 33. Qd3+ g6
34. b3 Qb5 35. c4 Qe5 36. h4 h5 37. f4 Qb2+ 38. Kh3 Qf6 39. Kh2 Kg7 40. Qc2 a5
41. Kg2 b5 42. cxb5 cxb5 43. Kh2 Qd4 44. f5 a4 45. bxa4 bxa4 46. fxg6 a3 47. Qc7
Qf2+ 48. Kh3 Qf1+ 49. Kh2 a2 50. Qe5+ Qf6 0-1

[Event "Reykjavik Open 2026"]
[Site "Reykjavik ISL"]
[Date "2026.03.30"]
[Round "8.20"]
[White "Batsiashvili, Nino"]
[Black "Holinka, Henning"]
[Result "1-0"]
[WhiteTitle "GM"]
[BlackTitle "FM"]
[WhiteElo "2472"]
[BlackElo "2324"]
[WhiteFideId "13602993"]
[BlackFideId "12967084"]
[EventDate "2026.03.25"]

1. d4 Nf6 2. c4 e6 3. Nc3 d5 4. cxd5 exd5 5. Bg5 c6 6. e3 h6 7. Bh4 Be7 8. Bd3
O-O 9. Nge2 Re8 10. O-O a5 11. Re1 Nbd7 12. f3 b5 13. Bf2 Ba6 14. Rc1 Bd6 15.
Ng3 Qb8 16. Nce2 c5 17. dxc5 Nxc5 18. Bb1 Ne6 19. Kh1 Be5 20. Qd2 Qb7 21. Nf5
Rac8 22. Ned4 b4 23. Bh4 Qb6 24. Rxc8 Bxc8 25. Rc1 Nxd4 26. exd4 Bxf5 27. dxe5
Bxb1 28. exf6 Bxa2 29. fxg7 Qg6 30. Qf4 Kxg7 31. Bf2 Bc4 32. Bd4+ Kh7 33. h4 Qe6
34. b3 Bb5 35. Kh2 Rg8 36. Re1 Qg6 37. g4 h5 38. Re7 Be8 39. g5 Rf8 40. Kg3 a4
41. Qe5 Bc6 42. Rc7 Rg8 43. Qf4 Be8 44. bxa4 Qe6 45. Rb7 Bd7 46. Rb6 Qe1+ 47.
Bf2 Qe7 48. Rh6+ Kg7 49. Qc7 f6 50. Rxf6 Rc8 51. Qd6 Qxd6+ 52. Rxd6 Bxa4 53.
Bd4+ Kf7 54. g6+ Kg8 55. Rxd5 Bb3 56. Rxh5 Kf8 57. Rb5 Rc6 58. h5 Ke7 59. Rxb4
Bc2 60. Kf4 1-0

[Event "Reykjavik Open 2026"]
[Site "Reykjavik ISL"]
[Date "2026.03.30"]
[Round "8.21"]
[White "Kurmangaliyeva, Liya"]
[Black "Lavrencic, Matic"]
[Result "1-0"]
[WhiteTitle "FM"]
[BlackTitle "IM"]
[WhiteElo "2319"]
[BlackElo "2472"]
[WhiteFideId "13725831"]
[BlackFideId "14637847"]
[EventDate "2026.03.25"]

1. d4 Nf6 2. c4 e6 3. Nc3 Bb4 4. e3 O-O 5. Bd3 Re8 6. Ne2 d5 7. O-O Bf8 8. Qc2
h6 9. a3 Nbd7 10. cxd5 exd5 11. Kh1 c6 12. Bd2 Nb6 13. a4 Nc4 14. Bxc4 dxc4 15.
e4 a5 16. f3 Qd7 17. Rae1 b5 18. Nd1 Qb7 19. Ne3 Bd7 20. g4 g6 21. Nf4 Bg7 22.
h4 Qb6 23. Bc3 Qc7 24. e5 Nh7 25. h5 g5 26. Ne2 c5 27. axb5 cxd4 28. Nxd4 Bxe5
29. Nef5 Bxd4 30. Nxd4 Qg3 31. Qh2 Qxh2+ 32. Kxh2 Nf6 33. Rxe8+ Rxe8 34. Bxa5
Nd5 35. Re1 Ra8 36. Re5 Be6 37. b6 c3 38. Bxc3 1-0

[Event "Reykjavik Open 2026"]
[Site "Reykjavik ISL"]
[Date "2026.03.30"]
[Round "8.22"]
[White "Garifullina, Leya"]
[Black "Tamas, Christian-Arrydan"]
[Result "1/2-1/2"]
[WhiteTitle "IM"]
[BlackTitle "FM"]
[WhiteElo "2454"]
[BlackElo "2287"]
[WhiteFideId "34127035"]
[BlackFideId "1283740"]
[EventDate "2026.03.25"]

1. e4 c6 2. d4 d5 3. e5 Bf5 4. Nf3 e6 5. Be2 c5 6. Be3 Qb6 7. Nc3 Nc6 8. O-O
Qxb2 9. Qe1 cxd4 10. Bxd4 Nxd4 11. Nxd4 Bb4 12. Rb1 Bxc3 13. Rxb2 Bxe1 14. Rxe1
b6 15. h4 h5 16. Nxf5 exf5 17. c4 Ne7 18. Rd2 O-O-O 19. Rc1 Kb8 20. Rcd1 d4 21.
Rxd4 Rxd4 22. Rxd4 Kc7 23. f4 Ng6 24. g3 Nf8 25. Bf3 Ne6 26. Rd6 g6 27. Bd5 Re8
28. Kf2 Re7 29. Ke3 Re8 30. c5 bxc5 31. Kd3 Rd8 32. Rc6+ Kd7 33. Kc4 Rc8 34.
Rd6+ Ke7 35. Bxe6 fxe6 36. a4 Rc7 37. a5 Rc8 38. Rd3 Rc7 39. Rb3 Kd7 40. Rb1 Rc8
41. Rd1+ Ke7 42. Rd6 Rc7 43. Ra6 Kd7 44. Rd6+ Ke7 45. Rd1 Rc8 46. Rb1 Kd7 47.
Rb7+ Rc7 48. Rb8 Rc8 49. Rxc8 Kxc8 50. Kxc5 Kc7 51. Kb5 Kb7 1/2-1/2

[Event "Reykjavik Open 2026"]
[Site "Reykjavik ISL"]
[Date "2026.03.30"]
[Round "8.23"]
[White "Sterck, Arno"]
[Black "Siva, Mahadevan"]
[Result "1/2-1/2"]
[WhiteTitle "FM"]
[BlackTitle "IM"]
[WhiteElo "2252"]
[BlackElo "2454"]
[WhiteFideId "228249"]
[BlackFideId "25043153"]
[EventDate "2026.03.25"]

1. e4 c5 2. Nf3 d6 3. Bb5+ Nd7 4. O-O a6 5. Bd3 Ngf6 6. c3 b5 7. a4 b4 8. a5 Bb7
9. Re1 e6 10. Bc2 Qc7 11. d3 Rc8 12. h3 Be7 13. Bf4 O-O 14. Nbd2 Rfe8 15. Nc4
Bf8 16. Ba4 e5 17. Bg5 d5 18. Nb6 Nxb6 19. axb6 Qxb6 20. Bxe8 Nxe8 21. exd5 f6
22. Be3 Bxd5 23. cxb4 Qxb4 24. Rxa6 Qxb2 25. Qb1 Qb4 26. Bd2 Qxb1 27. Rxb1 Bxf3
28. gxf3 Nd6 29. Be3 Nf5 30. Kf1 c4 31. dxc4 Rxc4 32. Rb7 Be7 33. Bb6 Rb4 34.
Rc7 h5 35. Ba5 Ra4 36. Raa7 Bd6 37. Bc3 Rf4 38. Rc8+ Kh7 39. Ke2 Rh4 40. Rc6 Kg8
41. Rc8+ Kh7 42. Rc6 Kg8 43. Rc8+ Kh7 1/2-1/2

[Event "Reykjavik Open 2026"]
[Site "Reykjavik ISL"]
[Date "2026.03.30"]
[Round "8.24"]
[White "Akhvlediani, Irakli"]
[Black "Loncke, Matthieu"]
[Result "1-0"]
[WhiteTitle "IM"]
[WhiteElo "2429"]
[BlackElo "2263"]
[WhiteFideId "13601938"]
[BlackFideId "45197148"]
[EventDate "2026.03.25"]

1. Nf3 Nf6 2. g3 g6 3. b3 Bg7 4. Bb2 d6 5. Bg2 c5 6. c4 O-O 7. O-O Nc6 8. d4
cxd4 9. Nxd4 Bd7 10. Qd2 Nxd4 11. Bxd4 Bc6 12. Nc3 Bxg2 13. Kxg2 Qa5 14. Rfd1
Rfd8 15. Qb2 Rac8 16. e4 a6 17. a4 e6 18. Rd3 d5 19. exd5 exd5 20. b4 Qc7 21. c5
Qe7 22. Rad1 h5 23. Re3 Qf8 24. h3 Rd7 25. Qb3 Rcd8 26. Bxf6 Bxf6 27. Nxd5 Bg7
28. Red3 Kh8 29. Qc4 a5 30. b5 Rc8 31. Nb6 Rxd3 32. Qxd3 Rxc5 33. Nd7 Qe7 34.
Nxc5 Qxc5 35. Qe4 b6 36. Rd7 Kg8 37. Qe8+ Qf8 38. Qxf8+ Bxf8 39. Rd8 Kg7 40. Rc8
Bc5 41. Rxc5 1-0

[Event "Reykjavik Open 2026"]
[Site "Reykjavik ISL"]
[Date "2026.03.30"]
[Round "8.25"]
[White "Lagarde, Maxime"]
[Black "Yu, Jennifer"]
[Result "1-0"]
[WhiteTitle "GM"]
[BlackTitle "FM"]
[WhiteElo "2618"]
[BlackElo "2299"]
[WhiteFideId "662399"]
[BlackFideId "2078341"]
[EventDate "2026.03.25"]

1. e4 e5 2. Nf3 Nf6 3. Nxe5 d6 4. Nf3 Nxe4 5. Bd3 Nc5 6. Be2 d5 7. d4 Ne4 8. O-O
Be7 9. c4 O-O 10. cxd5 Nd7 11. Nc3 Nef6 12. Bg5 Nb6 13. Bxf6 Bxf6 14. Qb3 Bg4
15. Rad1 Re8 16. h3 Bh5 17. g4 Bg6 18. Bb5 Nd7 19. Rfe1 Rxe1+ 20. Rxe1 Nb6 21.
Re8+ Qxe8 22. Bxe8 Rxe8 23. Qb5 Rd8 24. a4 a6 25. Qc5 Rd7 26. d6 Nc8 27. Ne5
cxd6 28. Qxc8+ Rd8 29. Qc7 dxe5 30. dxe5 Bh4 31. f4 h5 32. f5 Bh7 33. Ne4 1-0

[Event "Reykjavik Open 2026"]
[Site "Reykjavik ISL"]
[Date "2026.03.30"]
[Round "8.26"]
[White "Warmerdam, Max"]
[Black "Willy, Stephen"]
[Result "1-0"]
[WhiteTitle "GM"]
[BlackTitle "FM"]
[WhiteElo "2575"]
[BlackElo "2290"]
[WhiteFideId "1048104"]
[BlackFideId "30981468"]
[EventDate "2026.03.25"]

1. Nf3 d5 2. g3 c5 3. Bg2 e6 4. O-O Nf6 5. c4 d4 6. e3 Nc6 7. d3 h6 8. Na3 e5 9.
exd4 exd4 10. Bf4 Be7 11. Nb5 O-O 12. Bc7 Qd7 13. Ne5 Nxe5 14. Bxe5 Ne8 15. Re1
a6 16. Na3 Bd6 17. Nc2 Rb8 18. b4 b6 19. Rb1 Qc7 20. Qh5 Be6 21. Rb3 Bxe5 22.
Qxe5 Nd6 23. Qf4 Rbc8 24. Ra3 Bf5 25. Rc1 Rfd8 26. bxc5 bxc5 27. Qd2 Rb8 28. Na1
Re8 29. Rxa6 Bg4 30. Qf4 Nb7 31. Ra3 Nd6 1-0

[Event "Reykjavik Open 2026"]
[Site "Reykjavik ISL"]
[Date "2026.03.30"]
[Round "8.27"]
[White "Chasin, Nico"]
[Black "Brzezina, Pawel"]
[Result "1/2-1/2"]
[WhiteTitle "IM"]
[BlackTitle "CM"]
[WhiteElo "2523"]
[BlackElo "2248"]
[WhiteFideId "30908477"]
[BlackFideId "21078866"]
[EventDate "2026.03.25"]

1. Nf3 Nf6 2. g3 d5 3. Bg2 g6 4. c4 c6 5. b3 Bg7 6. Bb2 O-O 7. O-O b6 8. d4 Nbd7
9. Nc3 Bb7 10. Nd2 c5 11. dxc5 Nxc5 12. b4 Ne6 13. Nb3 Ne4 14. Bxe4 dxe4 15.
Qxd8 Rfxd8 16. Rfd1 Rdc8 17. Rd7 Bc6 18. Rd2 1/2-1/2

[Event "Reykjavik Open 2026"]
[Site "Reykjavik ISL"]
[Date "2026.03.30"]
[Round "8.28"]
[White "Moor, Olivier"]
[Black "Magold, Filip"]
[Result "0-1"]
[WhiteTitle "IM"]
[BlackTitle "IM"]
[WhiteElo "2290"]
[BlackElo "2484"]
[WhiteFideId "1303112"]
[BlackFideId "1254456"]
[EventDate "2026.03.25"]

1. d4 d5 2. c4 dxc4 3. Nf3 Nf6 4. e3 e6 5. Bxc4 c5 6. O-O cxd4 7. Nxd4 a6 8. b3
Bd6 9. Bb2 O-O 10. Nd2 Qe7 11. Bd3 Rd8 12. Qc2 Nbd7 13. Nc4 Bc5 14. Rac1 Nf8 15.
Ne5 Bd6 16. Ndf3 Bd7 17. Nxd7 Rxd7 18. g3 Rad8 19. Rfd1 Rc7 20. Qb1 Rxc1 21.
Qxc1 h6 22. Ne5 Nd5 23. Be4 Bc5 24. Bf3 Bb6 25. e4 Nc7 26. Rxd8 Qxd8 27. Nc4 Nb5
28. Nxb6 Qxb6 29. Qc4 Nd6 30. Qc3 Ne8 31. Qd4 Qc7 32. e5 Nd7 33. Kg2 Nb8 34. Be4
Nc6 35. Qc4 Qd7 36. Qc5 g6 37. h3 h5 38. Qc2 Ng7 39. g4 hxg4 40. hxg4 Qe7 41.
Bxc6 bxc6 42. Qxc6 Qg5 43. Qc4 Qd2 44. Qd4 Qg5 45. Kf3 Qh4 46. b4 Ne8 47. Qd7
Qh3+ 48. Kf4 g5+ 49. Kxg5 Qh2 0-1

[Event "Reykjavik Open 2026"]
[Site "Reykjavik ISL"]
[Date "2026.03.30"]
[Round "8.29"]
[White "De Vleeschauwer, Maarten"]
[Black "Tsolakidou, Stavroula"]
[Result "0-1"]
[WhiteTitle "FM"]
[BlackTitle "IM"]
[WhiteElo "2277"]
[BlackElo "2479"]
[WhiteFideId "214809"]
[BlackFideId "4264312"]
[EventDate "2026.03.25"]

1. e4 c5 2. c3 d5 3. exd5 Qxd5 4. d4 Nf6 5. Nf3 e6 6. Nbd2 Nc6 7. Bc4 Qd8 8.
dxc5 Bxc5 9. O-O Qc7 10. Qe2 Be7 11. Re1 O-O 12. a4 b6 13. Ne4 Bb7 14. Nxf6+
Bxf6 15. Ba6 Bxa6 16. Qxa6 Rad8 17. Be3 Rd5 18. Rad1 Qd7 19. Rxd5 Qxd5 20. Qb5
Rd8 21. Kf1 Na5 22. Bd4 Be7 23. Qxd5 Rxd5 24. b4 Nc6 25. Re4 Kf8 26. Ke2 g6 27.
b5 Na5 28. Kd3 Rd8 29. Nd2 Nb7 30. Nb3 Nc5+ 31. Nxc5 bxc5 32. Kc4 cxd4 33. Rxd4
Ke8 34. a5 Rc8+ 35. Kb3 Bc5 36. Rd2 Ke7 37. f3 e5 38. Rd5 Ke6 39. c4 f5 40. h3
e4 41. fxe4 fxe4 42. g4 e3 43. Rd1 Rc7 44. Kc3 Rd7 45. Rb1 Ke5 46. b6 axb6 47.
axb6 Rb7 0-1

[Event "Reykjavik Open 2026"]
[Site "Reykjavik ISL"]
[Date "2026.03.30"]
[Round "8.30"]
[White "Agmanov, Zhandos"]
[Black "Mahalakshmi, M"]
[Result "1-0"]
[WhiteTitle "IM"]
[BlackTitle "WIM"]
[WhiteElo "2463"]
[BlackElo "2232"]
[WhiteFideId "13708309"]
[BlackFideId "5001080"]
[EventDate "2026.03.25"]

1. e4 c6 2. d4 d5 3. e5 c5 4. Nf3 Bg4 5. dxc5 Nc6 6. c3 e6 7. Be3 a6 8. Nbd2
Nxe5 9. Be2 Nc6 10. Qa4 Nf6 11. b4 Be7 12. h3 Bh5 13. O-O O-O 14. Rfe1 Qc7 15.
Qb3 Nd7 16. a4 Rfc8 17. Rac1 Bf6 18. Bf1 Bg6 19. a5 h6 20. Rcd1 Re8 21. Nb1 Rad8
22. Bd3 Nf8 23. Na3 Bxd3 24. Rxd3 Ng6 25. b5 Nxa5 26. Qa4 Nc4 27. Nxc4 dxc4 28.
Rxd8 Rxd8 29. bxa6 Ra8 30. a7 Ne7 31. Nd4 Bxd4 32. cxd4 Nc6 33. Qxc4 Rxa7 34. d5
exd5 35. Qxd5 Ra8 36. Rb1 Rd8 37. Qb3 Nd4 38. Qb6 Qe7 39. Bxd4 Rxd4 40. c6 Rd6
41. Qxb7 Qe6 42. c7 Rc6 43. Qxc6 Qxc6 44. Rb8+ Kh7 45. c8=Q 1-0

[Event "Reykjavik Open 2026"]
[Site "Reykjavik ISL"]
[Date "2026.03.30"]
[Round "8.31"]
[White "Tutisani, Noe"]
[Black "Fossheim, Yngve"]
[Result "1-0"]
[WhiteTitle "IM"]
[WhiteElo "2454"]
[BlackElo "2208"]
[WhiteFideId "13602853"]
[BlackFideId "1512277"]
[EventDate "2026.03.25"]

1. d4 Nf6 2. Nc3 e6 3. e4 d5 4. e5 Nfd7 5. f4 c5 6. Nf3 Nc6 7. Be3 Be7 8. Qd2
O-O 9. dxc5 Qa5 10. a3 Nxc5 11. Nd4 Qc7 12. Ndb5 Qb8 13. O-O-O a6 14. Nd4 Nxd4
15. Bxd4 Ne4 16. Nxe4 dxe4 17. Bb6 f6 18. Qc3 fxe5 19. fxe5 Rf5 20. g4 Bg5+ 21.
Kb1 Rf8 22. Bc4 a5 23. Rhf1 Rf3 24. Qd4 Rxf1 25. Rxf1 h6 26. Qxe4 Bd7 27. Bd3 1-0

[Event "Reykjavik Open 2026"]
[Site "Reykjavik ISL"]
[Date "2026.03.30"]
[Round "8.32"]
[White "Panchanathan, Magesh Chandran"]
[Black "Zhang, Xiao"]
[Result "1/2-1/2"]
[WhiteTitle "GM"]
[BlackTitle "WIM"]
[WhiteElo "2440"]
[BlackElo "2164"]
[WhiteFideId "5007429"]
[BlackFideId "8610894"]
[EventDate "2026.03.25"]

1. d4 d5 2. Nf3 Nf6 3. g3 g6 4. Bg2 Bg7 5. O-O O-O 6. c4 c6 7. cxd5 cxd5 8. Nc3
Ne4 9. Ne5 Nxc3 10. bxc3 Nc6 11. Nxc6 bxc6 12. Qa4 Qb6 13. e4 Qa6 14. Qb4 dxe4
15. Re1 Bf5 16. Bf4 Rac8 17. Bxe4 Bxe4 18. Rxe4 e6 19. a4 Rfd8 20. Bd6 Qb6 21.
Qc5 Bf8 22. Bxf8 Rxf8 23. Re5 Rfd8 24. h4 Qxc5 25. Rxc5 Rd5 26. Rc4 e5 27. dxe5
Rxe5 28. Rd1 Rc7 29. Rd6 Re6 30. Rxe6 fxe6 31. Rc5 Kf7 32. h5 gxh5 33. Rxh5 Kg6
34. g4 Rf7 35. Re5 Rf4 36. Rxe6+ Kf7 37. Rxc6 Rxg4+ 38. Kh2 Rxa4 39. Kg3 a5 40.
f4 Ra1 41. Kg4 1/2-1/2

[Event "Reykjavik Open 2026"]
[Site "Reykjavik ISL"]
[Date "2026.03.30"]
[Round "8.33"]
[White "Stefansson, Hannes"]
[Black "ADU, Oladapo"]
[Result "1-0"]
[WhiteTitle "GM"]
[BlackTitle "IM"]
[WhiteElo "2417"]
[BlackElo "2173"]
[WhiteFideId "2300087"]
[BlackFideId "8500258"]
[EventDate "2026.03.25"]

1. e4 c5 2. Nf3 e6 3. d4 cxd4 4. Nxd4 a6 5. Bd3 Bc5 6. Nb3 Ba7 7. Bf4 Nc6 8. Bd6
Qf6 9. O-O Nge7 10. Nc3 b5 11. e5 Qh6 12. Be4 Ng6 13. a4 bxa4 14. Rxa4 Qg5 15.
Bxc6 dxc6 16. Ne4 Qd8 17. Qf3 Nh4 18. Qh5 Nf5 19. Rd1 Bd7 20. Nbc5 Bxc5 21. Bxc5
Qb8 22. Rxd7 Kxd7 23. Qxf7+ Kd8 24. Rd4+ Nxd4 25. Qe7+ Kc8 26. Nd6+ 1-0

[Event "Reykjavik Open 2026"]
[Site "Reykjavik ISL"]
[Date "2026.03.30"]
[Round "8.34"]
[White "Mannion, Stephen R"]
[Black "Griffith, Kyron"]
[Result "1/2-1/2"]
[WhiteTitle "IM"]
[BlackTitle "IM"]
[WhiteElo "2202"]
[BlackElo "2415"]
[WhiteFideId "2400111"]
[BlackFideId "2046318"]
[EventDate "2026.03.25"]

1. e4 e6 2. d4 d5 3. Nd2 c5 4. exd5 Qxd5 5. Ngf3 cxd4 6. Bc4 Qd7 7. O-O Nc6 8.
Nb3 a6 9. a4 Nf6 10. Qe2 Bd6 11. Rd1 O-O 12. Nbxd4 e5 13. Nxc6 Qxc6 14. Bg5 Bc7
15. h3 e4 16. Nd4 Qc5 17. Be3 Qe5 18. f4 exf3 19. Nxf3 Qxb2 20. Rdb1 Qc3 21. Bd4
Qa5 22. Bxf6 gxf6 23. Kh1 Qh5 24. Bd3 Rb8 25. Rf1 Be6 26. Nd4 Qe5 27. Qxe5 Bxe5
28. Nxe6 fxe6 29. Rab1 Bc7 30. Rb3 a5 31. Rfb1 b6 32. Rc3 1/2-1/2